Optical Polarization Radiation of Relativistic Electrons in Conducting Targets; Russian Physics Journal; Vol. 45, iss. 9

Xehetasun bibliografikoak
Parent link:Russian Physics Journal
Vol. 45, iss. 9.— 2002.— [P. 895-904]
Beste egile batzuk: Naumenko G. A. Gennadiy Andreevich, Aleinik A. N. Aleksandr Nikonorovich, Aryshev A. S., Kalinin B. N., Karataev P. V., Potylitsyn A. P. Alexander Petrovich, Saruev G. A. Gennady Alekseevich, Chefonov O. V., Sharafutdinov A. N.
Gaia:Title screen
A theoretical model and results of experiments on optical polarization radiation of relativistic electrons from conducting targets performed on the synchrotron and microtron of Nuclear Physics Institute at Tomsk Polytechnic University are reported. The measurements of spectral characteristics of resonance polarization radiation in periodic targets over a wide range of electron energies (both in the Smyth–Purcell geometry and for different angles between the targets and the direction of the electron beam) show reasonable agreement with theoretical estimates
Режим доступа: по договору с организацией-держателем ресурса
Hizkuntza:ingelesa
Argitaratua: 2002
Gaiak:
Sarrera elektronikoa:http://link.springer.com/article/10.1023/A:1022391820895
Formatua: Baliabide elektronikoa Liburu kapitulua
KOHA link:https://koha.lib.tpu.ru/cgi-bin/koha/opac-detail.pl?biblionumber=636362

MARC

LEADER 00000nla0a2200000 4500
001 636362
005 20250327085114.0
035 |a (RuTPU)RU\TPU\network\294 
090 |a 636362 
100 |a 20131202d2002 k||y0rusy50 ba 
101 0 |a eng 
102 |a US 
135 |a drnn ---uucaa 
181 0 |a i  
182 0 |a b 
200 1 |a Optical Polarization Radiation of Relativistic Electrons in Conducting Targets  |f G. A. Naumenko [et al.] 
203 |a Text  |c electronic 
300 |a Title screen 
320 |a [Referenes: p. 904 (16 tit.)] 
330 |a A theoretical model and results of experiments on optical polarization radiation of relativistic electrons from conducting targets performed on the synchrotron and microtron of Nuclear Physics Institute at Tomsk Polytechnic University are reported. The measurements of spectral characteristics of resonance polarization radiation in periodic targets over a wide range of electron energies (both in the Smyth–Purcell geometry and for different angles between the targets and the direction of the electron beam) show reasonable agreement with theoretical estimates 
333 |a Режим доступа: по договору с организацией-держателем ресурса 
461 |t Russian Physics Journal 
463 |t Vol. 45, iss. 9  |v [P. 895-904]  |d 2002 
610 1 |a электронный ресурс 
610 1 |a труды учёных ТПУ 
610 1 |a еxperiments 
610 1 |a radiation 
610 1 |a electrons 
701 1 |a Naumenko  |b G. A.  |c physicist  |c senior research fellow of Tomsk Polytechnic University  |f 1947-  |g Gennadiy Andreevich  |3 (RuTPU)RU\TPU\pers\31524 
701 1 |a Aleinik  |b A. N.  |c physicist  |c Senior researcher of Tomsk Polytechnic University, Candidate of physical and mathematical science  |f 1944-  |g Aleksandr Nikonorovich  |3 (RuTPU)RU\TPU\pers\31074 
701 1 |a Aryshev  |b A. S. 
701 1 |a Kalinin  |b B. N. 
701 1 |a Karataev  |b P. V. 
701 1 |a Potylitsyn  |b A. P.  |c Russian physicist  |c Professor of the TPU  |f 1945-  |g Alexander Petrovich  |3 (RuTPU)RU\TPU\pers\26306  |9 12068 
701 1 |a Saruev  |b G. A.  |c physicist  |c Leading engineer of Tomsk Polytechnic University, Candidate of physical and mathematical sciences  |f 1946-  |g Gennady Alekseevich  |3 (RuTPU)RU\TPU\pers\31569 
701 1 |a Chefonov  |b O. V. 
701 1 |a Sharafutdinov  |b A. N. 
801 2 |a RU  |b 63413507  |c 20170404  |g RCR 
856 4 |u http://link.springer.com/article/10.1023/A:1022391820895 
942 |c CF